000 00792nam a2200313 a 4500
003 AR-BaBNM
005 20251128204025.0
008 082120s2002 ||||||||||||||000 | spa||
040 _cAR-BaBNM
100 1 _aBaccou, Philippe
245 0 0 _aLas raíces del futuro
_bla Francia del mañana
260 _aBuenos Aires
_bClub de L'Horloge {Francia}
_bEudeba
_c1981
300 _a257 p.
490 0 _aTemas
650 4 _aHISTORIA DE LAS IDEAS
650 4 _aCIENCIAS POLITICAS
650 4 _aDERECHOS
650 4 _aSOBERANIA
650 4 _aESTADO
650 4 _aDERECHOS DE LOS ESTADOS
650 4 _aGOBIERNO
650 4 _aPOBLACION
650 4 _aPODER POLITICO
651 4 _aFrancia
700 1 _aBauchot, Michel
700 1 _aBercot, Alain
942 _cBK
998 _cmariana
999 _c5839
_d5839